[Event "Rated Blitz game"]
[Site "?"]
[Date "2021.10.12"]
[Round "?"]
[White "MapleDanish"]
[Black "DanielPerchman"]
[Result "1/2-1/2"]
[WhiteElo "2394"]
[BlackElo "2453"]
[PlyCount "92"]
[EventDate "2021.??.??"]
[EventType "blitz"]

1. e4 e5 2. Nf3 d5 3. exd5 e4 4. Qe2 Nf6 5. Nc3 Bb4 6. d3 O-O 7. dxe4 Nxe4 8.
Qxe4 Re8 9. Ne5 Bd6 10. f4 f6 11. Bd3 g6 12. O-O fxe5 13. f5 Bxf5 14. Rxf5 gxf5
15. Qxf5 Qd7 16. Qh5 Na6 17. Bf5 Qf7 18. Qh3 Kh8 19. Be3 Bc5 20. Be6 Rxe6 21.
dxe6 Bxe3+ 22. Qxe3 Qxe6 23. Rf1 Qb6 24. Qxb6 axb6 25. Rf7 c6 26. Rxb7 b5 27.
Ne4 Rf8 28. g4 Nb4 29. g5 Nd5 30. h4 Rf4 31. Nf6 Nxf6 32. gxf6 Rxf6 33. Kg2 Kg8
34. b3 Rd6 35. a4 Rd2+ 36. Kg3 Rxc2 37. a5 Ra2 38. b4 Ra3+ 39. Kg4 e4 40. Kf5
e3 41. Kf6 h5 42. Rb8+ Kh7 43. Rb7+ Kh6 44. Rb8 Kh7 45. Rb7+ Kg8 46. Rb8+ Kh7 {
Normal} 1/2-1/2

[Event "Rated Blitz game"]
[Site "?"]
[Date "2021.10.12"]
[Round "?"]
[White "Surrender-at-20"]
[Black "chuparating"]
[Result "1-0"]
[WhiteElo "2616"]
[BlackElo "2508"]
[PlyCount "31"]
[EventDate "2021.??.??"]
[EventType "blitz"]

1. e4 e5 2. Nf3 d5 3. exd5 e4 4. Qe2 Nf6 5. Nc3 Bd6 6. d3 O-O 7. dxe4 Bb4 8.
Bg5 h6 9. Bh4 g5 10. Nxg5 hxg5 11. Bxg5 Qd6 12. e5 Qc5 13. Bxf6 Bxc3+ 14. bxc3
Qxc3+ 15. Qd2 Qxa1+ 16. Ke2 {Normal} 1-0

[Event "Rated Blitz game"]
[Site "?"]
[Date "2021.10.12"]
[Round "?"]
[White "Indian_cat"]
[Black "barry-allen"]
[Result "0-1"]
[WhiteElo "2489"]
[BlackElo "2362"]
[PlyCount "54"]
[EventDate "2021.??.??"]
[EventType "blitz"]

1. e4 e5 2. Nf3 d5 3. exd5 e4 4. Ne5 Qxd5 5. d4 exd3 6. Nxd3 Nf6 7. Nc3 Qe6+ 8.
Qe2 Nc6 9. Qxe6+ Bxe6 10. Bd2 O-O-O 11. O-O-O a6 12. Be2 Ng4 13. h3 Nge5 14.
Nf4 Bf5 15. Be3 Bb4 16. Ncd5 Rhe8 17. Nxb4 Nxb4 18. a3 Nxc2 19. Bc5 b6 20.
Bxa6+ Kb8 21. Rxd8+ Rxd8 22. Be7 Rd7 23. Bh4 f6 24. Bg3 Nd4 25. b4 b5 26. Kb2
Ka7 27. Rd1 Kxa6 {Normal} 0-1

[Event "Rated Rapid game"]
[Site "?"]
[Date "2021.10.12"]
[Round "?"]
[White "WhatIsATitle"]
[Black "merdlmen"]
[Result "1-0"]
[WhiteElo "2410"]
[BlackElo "2259"]
[PlyCount "89"]
[EventDate "2021.??.??"]
[EventType "rapid"]

1. e4 e5 2. Nf3 d5 3. Nxe5 Bd6 4. d4 dxe4 5. Nc4 Nf6 6. Nxd6+ Qxd6 7. Bc4 Bg4
8. Qd2 Nc6 9. c3 O-O 10. Qf4 Qd7 11. O-O Rfe8 12. h3 Bh5 13. Na3 a6 14. Re1
Rad8 15. Qg3 Bg6 16. Bg5 Na5 17. Qh4 Qc6 18. Bf1 Qd6 19. Rad1 Rd7 20. b4 Nd5
21. Bd2 Nc6 22. Nc4 b5 23. Nxd6 Rxd6 24. Bf4 Rf6 25. Be5 Rf5 26. Rxe4 Nxc3 27.
Rde1 Rh5 28. Bxc7 Rxe4 29. Rxe4 Nxe4 30. Qg4 h6 31. f4 Nxd4 32. Bd3 Nf6 33.
Qc8+ Kh7 34. Bxg6+ fxg6 35. Be5 Rf5 36. Bxd4 Rxf4 37. Bxf6 Rxf6 38. Qc5 h5 39.
h4 Re6 40. Kh2 Re4 41. Kh3 Re2 42. Qd5 Re3+ 43. g3 Re2 44. Qb3 g5 45. Qd3+ {
Normal} 1-0

[Event "Rated Blitz game"]
[Site "?"]
[Date "2021.10.12"]
[Round "?"]
[White "deek741"]
[Black "Petrofildo"]
[Result "0-1"]
[WhiteElo "2393"]
[BlackElo "2428"]
[PlyCount "96"]
[EventDate "2021.??.??"]
[EventType "blitz"]

1. e4 e5 2. Nf3 d5 3. Nxe5 Bd6 4. d4 dxe4 5. Nc4 Nf6 6. Nc3 O-O 7. Be3 Bf5 8.
Qd2 Nbd7 9. O-O-O a6 10. Nxd6 cxd6 11. d5 b5 12. h3 Qa5 13. g4 Bg6 14. g5 b4
15. gxf6 bxc3 16. Qxc3 Qxc3 17. bxc3 Nxf6 18. c4 Rfc8 19. Rg1 Nd7 20. Bd4 Rab8
21. h4 h5 22. Bh3 Rc7 23. Rde1 Nb6 24. Bxb6 Rxb6 25. Rxg6 fxg6 26. Be6+ Kh7 27.
Rxe4 Rb4 28. Kd2 Rbxc4 29. Rxc4 Rxc4 30. Kd3 Rxh4 31. c4 Rf4 32. c5 dxc5 33.
Ke3 Rf6 34. Ke4 Rxf2 35. d6 Rf8 36. d7 Rd8 37. Kd5 g5 38. Kxc5 Kg6 39. Kd6 Kf6
40. Kc7 Ke7 41. Bf5 g4 42. a4 a5 43. Kb6 g3 44. Bh3 g5 45. Kxa5 g4 46. Bg2 h4
47. Bc6 h3 48. Kb6 g2 {Normal} 0-1

[Event "Rated Blitz game"]
[Site "?"]
[Date "2021.10.12"]
[Round "?"]
[White "promoKC"]
[Black "ALJr76"]
[Result "1-0"]
[WhiteElo "2457"]
[BlackElo "2430"]
[PlyCount "113"]
[EventDate "2021.??.??"]
[EventType "blitz"]

1. e4 e5 2. Nf3 d5 3. d3 dxe4 4. dxe4 Qxd1+ 5. Kxd1 Nc6 6. c3 Bg4 7. Bc4 Nf6 8.
Nbd2 O-O-O 9. Ke2 Bh5 10. Re1 Bc5 11. h3 Rd7 12. Bb5 Rhd8 13. Bxc6 bxc6 14. g4
Bg6 15. Nxe5 Rd6 16. Nxg6 hxg6 17. Nb3 Nxe4 18. Nxc5 Nxc5 19. Be3 Ne4 20. Red1
Kb7 21. Rxd6 cxd6 22. Kf3 d5 23. Rd1 a5 24. c4 Ng5+ 25. Kg2 Ne6 26. cxd5 cxd5
27. Bd4 f6 28. Kf3 Ng5+ 29. Kg2 Ne6 30. h4 Kc6 31. Kg3 Kb5 32. f4 Kc4 33. Bc3
d4 34. Bxa5 Ra8 35. b4 d3 36. Kf3 Nd4+ 37. Ke3 Re8+ 38. Kf2 Re2+ 39. Kg3 Rxa2
40. h5 gxh5 41. gxh5 d2 42. Bd8 Ne2+ 43. Kg4 Nc3 44. Rh1 Rb2 45. b5 Rxb5 46. h6
gxh6 47. Bxf6 Rb1 48. Bxc3 Rxh1 49. Bxd2 Kd3 50. Bb4 Ke4 51. Bd6 Rg1+ 52. Kh5
Rf1 53. Kg4 Rxf4+ 54. Bxf4 h5+ 55. Kg3 h4+ 56. Kg4 h3 57. Bh2 {Time forfeit}
1-0

[Event "Rated Blitz game"]
[Site "?"]
[Date "2021.10.12"]
[Round "?"]
[White "Majasystem"]
[Black "rofaidah"]
[Result "1/2-1/2"]
[WhiteElo "2448"]
[BlackElo "2483"]
[PlyCount "77"]
[EventDate "2021.??.??"]
[EventType "blitz"]

1. e4 e5 2. Nf3 d5 3. Nc3 dxe4 4. Nxe4 f5 5. Ng3 e4 6. Ng1 Be6 7. d3 Nf6 8. Bg5
Nc6 9. dxe4 Qxd1+ 10. Rxd1 Nxe4 11. Nxe4 fxe4 12. Bb5 Bd7 13. Ne2 h6 14. Be3
O-O-O 15. Ng3 Re8 16. O-O a6 17. Ba4 Bd6 18. Rfe1 Bxg3 19. hxg3 Ne5 20. Bxd7+
Nxd7 21. Rd4 Re6 22. Bf4 Rhe8 23. g4 Nf6 24. g5 hxg5 25. Bxg5 Nd7 26. Rd2 c5
27. Rde2 Nf8 28. Be3 b6 29. c4 Kc7 30. a3 Kc6 31. Rd2 Nd7 32. Red1 Nf6 33. Bf4
b5 34. Rd6+ Rxd6 35. Rxd6+ Kb7 36. cxb5 axb5 37. b4 c4 38. Be3 Rb8 39. Bd4 {
Normal} 1/2-1/2

[Event "Rated Blitz game"]
[Site "?"]
[Date "2021.10.12"]
[Round "?"]
[White "Sibmax"]
[Black "alaeldin112"]
[Result "1-0"]
[WhiteElo "2510"]
[BlackElo "2403"]
[PlyCount "39"]
[EventDate "2021.??.??"]
[EventType "blitz"]

1. e4 e5 2. Nf3 d5 3. exd5 e4 4. Qe2 Nf6 5. d3 Qxd5 6. Nbd2 Be7 7. dxe4 Qd8 8.
b3 O-O 9. Bb2 Bg4 10. h3 Bh5 11. g4 Bg6 12. h4 h5 13. Ne5 Bb4 14. O-O-O Qe7 15.
Nxg6 fxg6 16. gxh5 gxh5 17. e5 Ne8 18. Qxh5 Rxf2 19. Bc4+ Kf8 20. Qh8# {Normal}
1-0

[Event "Rated Blitz game"]
[Site "?"]
[Date "2021.10.12"]
[Round "?"]
[White "Lo-Botvinnik"]
[Black "Dzon_Vejn"]
[Result "0-1"]
[WhiteElo "2465"]
[BlackElo "2491"]
[PlyCount "38"]
[EventDate "2021.??.??"]
[EventType "blitz"]

1. e4 e5 2. Nf3 d5 3. Nc3 dxe4 4. Nxe4 Nf6 5. Nxf6+ Qxf6 6. Qe2 Bd6 7. d4 Nd7
8. Bg5 Qe6 9. dxe5 Nxe5 10. O-O-O Nxf3 11. Qxf3 Qxa2 12. Bb5+ Kf8 13. c3 Be6
14. Rhe1 Bb3 15. Qxb7 Qa1+ 16. Kd2 Qxb2+ 17. Ke3 Qxc3+ 18. Rd3 Qxe1+ 19. Kf3
Bd1+ {Normal} 0-1

[Event "Rated Blitz game"]
[Site "?"]
[Date "2021.10.12"]
[Round "?"]
[White "Medion72"]
[Black "Annali-annaliew1979"]
[Result "1-0"]
[WhiteElo "2468"]
[BlackElo "2454"]
[PlyCount "59"]
[EventDate "2021.??.??"]
[EventType "blitz"]

1. e4 e5 2. Nf3 d5 3. exd5 e4 4. Qe2 f5 5. d3 Nf6 6. Nc3 Bb4 7. dxe4 Bxc3+ 8.
bxc3 fxe4 9. Qb5+ c6 10. dxc6 Nxc6 11. Ne5 Bd7 12. Ba3 Qa5 13. Qxa5 Nxa5 14.
O-O-O a6 15. Nxd7 Nxd7 16. Be2 b5 17. Bg4 Nf6 18. Be6 Nc4 19. Bc5 a5 20. a4 Ra6
21. Bd5 Nxd5 22. Rxd5 bxa4 23. Re1 Re6 24. Rd4 Nb6 25. Rdxe4 Rxe4 26. Rxe4+ Kd7
27. Bxb6 a3 28. Bxa5 Rb8 29. Ra4 Re8 30. Kd2 {Normal} 1-0

[Event "Rated Blitz game"]
[Site "?"]
[Date "2021.10.12"]
[Round "?"]
[White "d3rang3d"]
[Black "Annali-annaliew1979"]
[Result "1/2-1/2"]
[WhiteElo "2527"]
[BlackElo "2465"]
[PlyCount "105"]
[EventDate "2021.??.??"]
[EventType "blitz"]

1. e4 e5 2. Nf3 d5 3. Nxe5 Qe7 4. d4 f6 5. Nf3 dxe4 6. Nfd2 f5 7. Bc4 Nf6 8.
O-O Be6 9. Bxe6 Qxe6 10. c4 c6 11. Nc3 Bd6 12. c5 Bc7 13. Qb3 Qxb3 14. axb3
Nbd7 15. Nc4 O-O 16. g3 Nd5 17. Nxd5 cxd5 18. Ne3 Nf6 19. Ng2 a5 20. Bf4 Bxf4
21. Nxf4 Rfd8 22. Ra4 b5 23. cxb6 Rdb8 24. Rfa1 Rxb6 25. Rxa5 Rxa5 26. Rxa5
Rxb3 27. Nxd5 Nxd5 28. Rxd5 g6 29. Rd7 Rxb2 30. d5 Rd2 31. Kf1 Kf8 32. Rxh7
Rxd5 33. Ke2 Kg8 34. Ra7 Rd3 35. h4 Kf8 36. h5 gxh5 37. Ra5 Rf3 38. Ra7 Kg8 39.
Re7 Kh8 40. Rf7 Kg8 41. Re7 Kf8 42. Rh7 f4 43. gxf4 Rxf4 44. Rxh5 Kf7 45. Re5
Kf6 46. Re8 Rh4 47. Ke3 Kf5 48. Rf8+ Ke5 49. Re8+ Kd5 50. Rd8+ Ke5 51. Re8+ Kd5
52. Rd8+ Ke5 53. Re8+ {Normal} 1/2-1/2

[Event "Rated Blitz game"]
[Site "?"]
[Date "2021.10.12"]
[Round "?"]
[White "Gubancs"]
[Black "RCompany_1"]
[Result "1/2-1/2"]
[WhiteElo "2496"]
[BlackElo "2453"]
[PlyCount "151"]
[EventDate "2021.??.??"]
[EventType "blitz"]

1. e4 e5 2. Nf3 d5 3. Nxe5 Bd6 4. d4 dxe4 5. Nc4 Be7 6. Nc3 Nf6 7. d5 O-O 8.
Bf4 Nbd7 9. Qd4 Re8 10. d6 cxd6 11. Nxd6 Bxd6 12. Qxd6 Nb6 13. O-O-O Bg4 14.
Qxd8 Raxd8 15. Rxd8 Rxd8 16. h3 Bh5 17. g4 Bg6 18. Bc7 Re8 19. Bxb6 axb6 20.
Bb5 Re5 21. Re1 h5 22. f4 Rc5 23. f5 Bh7 24. Be2 hxg4 25. hxg4 g6 26. g5 gxf5
27. gxf6 f4 28. Rg1+ Kf8 29. Rh1 Kg8 30. Bh5 f3 31. Bxf7+ Kxf7 32. Rxh7+ Kxf6
33. Nxe4+ Kg6 34. Nxc5 Kxh7 35. Ne4 Kg6 36. Kd2 Kf5 37. Ke3 Ke5 38. Nf2 Kd5 39.
Kxf3 Kc4 40. Ke2 b5 41. Kd2 b4 42. Nd3 b6 43. b3+ Kb5 44. Nc1 Kc5 45. Ne2 Kd5
46. c3 Kc5 47. c4 b5 48. Kd3 bxc4+ 49. bxc4 Kc6 50. Nc1 Kc5 51. Nb3+ Kc6 52.
Kd4 Kd6 53. c5+ Kc6 54. Kc4 Kc7 55. Kxb4 Kc6 56. a3 Kb7 57. a4 Ka6 58. a5 Kb7
59. Kc4 Kc6 60. Kd4 Kb7 61. Kd5 Ka6 62. c6 Kb5 63. Kd6 Kb4 64. c7 Kxb3 65. a6
Kc3 66. c8=Q+ Kd4 67. a7 Ke4 68. a8=Q+ Ke3 69. Kc7 Kd4 70. Kb6 Ke5 71. Qac6 Kf4
72. Q6c7+ Ke4 73. Q7d7 Kf4 74. Qce8 Kg5 75. Qdf7 Kh6 76. Qeg8 {Normal} 1/2-1/2

[Event "Rated Blitz game"]
[Site "?"]
[Date "2021.10.12"]
[Round "?"]
[White "TheWizardofPhi"]
[Black "alaeldin112"]
[Result "1-0"]
[WhiteElo "2514"]
[BlackElo "2396"]
[PlyCount "89"]
[EventDate "2021.??.??"]
[EventType "blitz"]

1. e4 e5 2. Nf3 d5 3. d4 dxe4 4. Nxe5 Bd6 5. Nc4 Nf6 6. Nc3 O-O 7. Ne3 a6 8. a4
c5 9. dxc5 Bxc5 10. Qxd8 Rxd8 11. Be2 Nc6 12. O-O Nb4 13. Bd1 Be6 14. b3 Bd4
15. Bb2 Rac8 16. Nc4 b5 17. axb5 axb5 18. Nxb5 Bxc4 19. Nxd4 Bxf1 20. Kxf1 Nfd5
21. c4 Nf4 22. Nf5 f6 23. Ne7+ Kf7 24. Nxc8 Rxc8 25. Ra7+ Kg6 26. g3 Rd8 27.
Bg4 Nfd3 28. Bc3 Nc6 29. Rc7 Nce5 30. Be6 Nc1 31. Bxe5 fxe5 32. Bd5 Nxb3 33.
Bxe4+ Kf6 34. Bd5 g5 35. Rxh7 Nd2+ 36. Ke2 Nb3 37. Rf7+ Kg6 38. Re7 Kf6 39.
Re6+ Kf5 40. Rb6 Nd4+ 41. Ke3 g4 42. Be4+ Kg5 43. c5 Rh8 44. c6 Rxh2 45. c7 {
Time forfeit} 1-0

[Event "Rated Blitz game"]
[Site "?"]
[Date "2021.10.12"]
[Round "?"]
[White "Beltane"]
[Black "alaeldin112"]
[Result "0-1"]
[WhiteElo "2459"]
[BlackElo "2392"]
[PlyCount "62"]
[EventDate "2021.??.??"]
[EventType "blitz"]

1. e4 e5 2. Nf3 d5 3. Nxe5 Bd6 4. d4 dxe4 5. Nc3 Nf6 6. Bg5 O-O 7. Nxe4 Bxe5 8.
c3 Qd5 9. Nxf6+ Bxf6 10. Bxf6 gxf6 11. Bd3 Bf5 12. O-O Bxd3 13. Qxd3 c5 14.
Rfe1 cxd4 15. Re4 Qf5 16. Qg3+ Kh8 17. Rf4 Qg6 18. Rg4 Qf5 19. Qh3 Qc2 20. Qh4
Nd7 21. Rxd4 Rfd8 22. Rad1 Qf5 23. Rf4 Qg6 24. Rg4 Qc2 25. Re1 Rg8 26. Rd4 Qf5
27. h3 Rg6 28. Re7 Ne5 29. Rf4 Nf3+ 30. Rxf3 Qxf3 31. Rxf7 Qxg2# {Normal} 0-1

[Event "Rated Blitz game"]
[Site "?"]
[Date "2021.10.12"]
[Round "?"]
[White "Novatron"]
[Black "Annali-annaliew1979"]
[Result "0-1"]
[WhiteElo "2424"]
[BlackElo "2460"]
[PlyCount "66"]
[EventDate "2021.??.??"]
[EventType "blitz"]

1. e4 e5 2. Nf3 d5 3. exd5 e4 4. Qe2 f5 5. Nd4 Nf6 6. c4 c5 7. Nb3 Bd6 8. d4 b6
9. dxc5 bxc5 10. Nc3 O-O 11. g3 Nbd7 12. h4 a6 13. Bg2 Ne5 14. O-O Bd7 15. Bf4
Qe7 16. Bxe5 Qxe5 17. Na5 f4 18. Nxe4 Nxe4 19. Qxe4 fxg3 20. Qxe5 Bxe5 21. fxg3
Bxb2 22. Rxf8+ Rxf8 23. Rb1 Bd4+ 24. Kh2 Rf2 25. Nc6 h5 26. Nxd4 cxd4 27. c5
Bf5 28. d6 Bxb1 29. d7 Rf8 30. c6 Bf5 31. Bh3 Bxd7 32. Bxd7 Rf2+ 33. Kg1 Rc2 {
Normal} 0-1

[Event "Rated Blitz game"]
[Site "?"]
[Date "2021.10.12"]
[Round "?"]
[White "AlOvchinnikov"]
[Black "RCompany_1"]
[Result "1-0"]
[WhiteElo "2505"]
[BlackElo "2465"]
[PlyCount "91"]
[EventDate "2021.??.??"]
[EventType "blitz"]

1. e4 e5 2. Nf3 d5 3. Nxe5 Bd6 4. d4 dxe4 5. Nc3 Bxe5 6. dxe5 Qxd1+ 7. Kxd1 Nc6
8. Bf4 Bf5 9. Bb5 O-O-O+ 10. Ke1 Nge7 11. Rd1 Nd4 12. Ba4 b5 13. Nxb5 Nxb5 14.
Bxb5 Kb7 15. Rxd8 Rxd8 16. Ke2 Nd5 17. Bg5 f6 18. exf6 gxf6 19. Be3 Nb4 20. c3
a6 21. Bc4 Nd3 22. b4 Ne5 23. Bb3 Rd3 24. Bd4 Nd7 25. h3 h5 26. Rd1 Rxd1 27.
Bxd1 Bg6 28. Ke3 f5 29. Kf4 Kc6 30. Bb3 Nb6 31. Bxb6 cxb6 32. Kg5 Bh7 33. Kxh5
f4 34. Kg4 e3 35. fxe3 fxe3 36. Kf3 Be4+ 37. Kxe3 Bxg2 38. h4 Kd6 39. h5 Ke5
40. Bc2 a5 41. h6 Kf6 42. h7 Kg7 43. bxa5 bxa5 44. Kd4 Bc6 45. Kc5 Be8 46. a4 {
Normal} 1-0

[Event "Rated Blitz game"]
[Site "?"]
[Date "2021.10.12"]
[Round "?"]
[White "RedSpring85"]
[Black "Tintyn"]
[Result "1/2-1/2"]
[WhiteElo "2472"]
[BlackElo "2517"]
[PlyCount "88"]
[EventDate "2021.??.??"]
[EventType "blitz"]

1. e4 e5 2. Nf3 d5 3. exd5 e4 4. Qe2 Nf6 5. Nc3 Qe7 6. Nd4 Qe5 7. Nf3 Qe7 8.
Ng5 Bf5 9. Qb5+ Nbd7 10. Qxb7 Rb8 11. Qxa7 h6 12. Nh3 Bxh3 13. gxh3 Qe5 14. Qe3
Bc5 15. Qe2 O-O 16. d3 Bd4 17. Nxe4 Bxb2 18. Bxb2 Qxb2 19. Rd1 Nxd5 20. Bg2 Nf4
21. Qg4 Nxg2+ 22. Qxg2 f5 23. Nd2 Rfe8+ 24. Kf1 Qxc2 25. Qf3 Ne5 26. Qd5+ Kh8
27. Kg2 Nxd3 28. Qf3 Rb4 29. Nc4 Nxf2 30. Qxf2 Re2 31. Nd2 Rxf2+ 32. Kxf2 Rf4+
33. Kg3 Rd4 34. Rhf1 Rxd2 35. Rxd2 Qxd2 36. Rxf5 Qxa2 37. Rf8+ Kh7 38. Rf3 Qe6
39. h4 c5 40. h5 c4 41. h4 c3 42. Rf2 Qe3+ 43. Kg2 Qxf2+ 44. Kh1 c2 {Normal}
1/2-1/2

[Event "Rated Blitz game"]
[Site "?"]
[Date "2021.10.12"]
[Round "?"]
[White "laurens97"]
[Black "Annali-annaliew1979"]
[Result "0-1"]
[WhiteElo "2535"]
[BlackElo "2464"]
[PlyCount "54"]
[EventDate "2021.??.??"]
[EventType "blitz"]

1. e4 e5 2. Nf3 d5 3. Nc3 dxe4 4. Nxe4 f5 5. Nc3 e4 6. Ng1 Bc5 7. d3 Nc6 8.
dxe4 Qxd1+ 9. Nxd1 fxe4 10. Nc3 Nf6 11. Be2 h6 12. Nh3 Bxh3 13. gxh3 O-O-O 14.
Bf4 g5 15. Bg3 e3 16. O-O Nd4 17. Bd3 Nh5 18. fxe3 Nxg3 19. hxg3 Nc6 20. Rae1
Rhe8 21. Nd5 Rxd5 22. Kg2 Rde5 23. e4 a6 24. Rf6 R8e6 25. Ref1 Nd4 26. c3 Nc6
27. Rf8+ Bxf8 {Normal} 0-1

[Event "Rated Blitz game"]
[Site "?"]
[Date "2021.10.12"]
[Round "?"]
[White "thebird33"]
[Black "Petrofildo"]
[Result "1-0"]
[WhiteElo "2359"]
[BlackElo "2454"]
[PlyCount "119"]
[EventDate "2021.??.??"]
[EventType "blitz"]

1. e4 e5 2. Nf3 d5 3. exd5 e4 4. Nd4 Qxd5 5. Nb3 Bf5 6. Nc3 Qe5 7. Bc4 a6 8.
O-O Bd6 9. g3 h5 10. f4 Qe7 11. Nd5 Qd8 12. d3 b5 13. Ne3 bxc4 14. Nxf5 cxb3
15. axb3 exd3 16. Qxd3 Kf8 17. Qc3 Nf6 18. Be3 Nbd7 19. Rfd1 Qb8 20. Bd4 Qb5
21. Ra5 Qe2 22. Re1 Qg4 23. Kg2 h4 24. h3 Qg6 25. g4 Nxg4 26. hxg4 Qxg4+ 27.
Kh1 Qxf4 28. Bxg7+ Kg8 29. Qh3 Rh5 30. Ne7+ Bxe7 31. Rxh5 Kxg7 32. Rxe7 Nf6 33.
Rxh4 Qc1+ 34. Kh2 Qxc2+ 35. Qg2+ Qxg2+ 36. Kxg2 Nd5 37. Re5 Kf6 38. Rxd5 Re8
39. Rc5 Ke6 40. Re4+ Kd6 41. Rxe8 Kxc5 42. Re7 c6 43. Rxf7 a5 44. Ra7 a4 45.
bxa4 Kb4 46. b3 c5 47. a5 c4 48. bxc4 Kc3 49. a6 Kb4 50. Rb7+ Kc5 51. a7 Kc6
52. a8=Q Kc5 53. Qc8+ Kd4 54. Rd7+ Kc3 55. Qe8 Kxc4 56. Qe4+ Kb5 57. Rd5+ Kc6
58. Qe6+ Kc7 59. Rd7+ Kb8 60. Qe8# {Normal} 1-0

[Event "Rated Blitz tournament 5gwqvKHL"]
[Site "?"]
[Date "2021.10.12"]
[Round "?"]
[White "Ezinez"]
[Black "cuerosky"]
[Result "0-1"]
[WhiteElo "2467"]
[BlackElo "2318"]
[PlyCount "86"]
[EventDate "2021.??.??"]
[EventType "blitz"]

1. e4 e5 2. Nf3 d5 3. exd5 e4 4. Ne5 Qxd5 5. d4 exd3 6. Nxd3 Nf6 7. Nc3 Qd8 8.
Bf4 Be7 9. Be2 O-O 10. O-O Nc6 11. Bf3 Nd4 12. Re1 Re8 13. Be5 Nxf3+ 14. Qxf3
c6 15. Rad1 Be6 16. Nf4 Qc8 17. Nxe6 Qxe6 18. Qg3 Kh8 19. Ne4 Rg8 20. Ng5 Qxa2
21. b3 Raf8 22. Qd3 Qa6 23. c4 g6 24. Bd4 Bd8 25. Ra1 Qxa1 26. Rxa1 h6 27. Qc3
hxg5 28. Bxf6+ Bxf6 29. Qxf6+ Kh7 30. b4 a6 31. Ra3 g4 32. Rg3 Rg7 33. Rxg4 Kg8
34. h4 Re8 35. h5 Re6 36. Qd8+ Kh7 37. h6 Rg8 38. Qd7 Rf6 39. Qxb7 Kxh6 40.
Rh4+ Kg7 41. Qxc6 Rxc6 42. c5 Rb8 43. Rc4 Rb5 {Normal} 0-1

[Event "Rated Blitz game"]
[Site "?"]
[Date "2021.10.12"]
[Round "?"]
[White "JeremyPietra"]
[Black "RiskyBlitzer"]
[Result "0-1"]
[WhiteElo "2408"]
[BlackElo "2496"]
[PlyCount "80"]
[EventDate "2021.??.??"]
[EventType "blitz"]

1. e4 e5 2. Nf3 d5 3. Nxe5 Bd6 4. d4 dxe4 5. Be3 Bxe5 6. dxe5 Qxd1+ 7. Kxd1 Nc6
8. Nc3 Bg4+ 9. Kc1 O-O-O 10. b3 Nxe5 11. Nxe4 Rd1+ 12. Kb2 Rxa1 13. Kxa1 Bf5
14. Ng3 Bxc2 15. Be2 Nf6 16. Rc1 Bg6 17. Bf4 Nc6 18. Bb5 Nd5 19. Bd2 Nde7 20.
h4 h5 21. Be2 Nd4 22. Bd1 c6 23. Kb2 Nd5 24. Bf3 Rd8 25. Bxh5 Bxh5 26. Nxh5 g6
27. Nf4 Nxf4 28. Bxf4 Nf5 29. g3 Rd3 30. Kc2 Rf3 31. Rd1 Rxf2+ 32. Kc3 b5 33.
a4 a6 34. Kb4 Nxh4 35. Ka5 Ng2 36. Be5 Rf5 37. Bc3 bxa4+ 38. Kxa4 Ne3 39. Re1
Nd5 40. Re8+ Kd7 {Normal} 0-1

[Event "Rated Blitz game"]
[Site "?"]
[Date "2021.10.12"]
[Round "?"]
[White "micfel"]
[Black "Slimslik02"]
[Result "0-1"]
[WhiteElo "2484"]
[BlackElo "2338"]
[PlyCount "106"]
[EventDate "2021.??.??"]
[EventType "blitz"]

1. e4 e5 2. Nf3 d5 3. Nxe5 Bd6 4. d4 dxe4 5. Bd2 Bxe5 6. dxe5 Nc6 7. Bb5 Qd4 8.
Bc3 Qxd1+ 9. Kxd1 Bg4+ 10. Kc1 Be6 11. Nd2 O-O-O 12. Nxe4 Bd5 13. Re1 Nge7 14.
f3 a6 15. Ba4 b5 16. Bb3 a5 17. Ng5 b4 18. Bd2 Rdf8 19. Bxd5 Nxd5 20. a3 h6 21.
Nh3 g5 22. axb4 axb4 23. Ra8+ Kb7 24. Rxf8 Rxf8 25. Nf2 Re8 26. Nd3 Kb6 27. Re4
Kb5 28. h4 Ra8 29. Kb1 Rg8 30. hxg5 hxg5 31. c4+ bxc3 32. bxc3 Nb6 33. Nb2 Na5
34. Rb4+ Kc6 35. c4 Nb7 36. Kc2 Nc5 37. Nd3 Ra8 38. Be3 Nxd3 39. Kxd3 Ra3+ 40.
Ke4 Nd7 41. Bxg5 Ra2 42. g4 Nc5+ 43. Kf5 Ne6 44. Be3 Ra3 45. Bf2 Rxf3+ 46. Ke4
Rxf2 47. Rb1 Nc5+ 48. Ke3 Rg2 49. Kf4 Rc2 50. Kf5 Rf2+ 51. Kg5 Ne6+ 52. Kh4 Rf4
53. Rf1 Rxf1 {Normal} 0-1

[Event "Rated Blitz game"]
[Site "?"]
[Date "2021.10.12"]
[Round "?"]
[White "Lantori"]
[Black "Annali-annaliew1979"]
[Result "1-0"]
[WhiteElo "2582"]
[BlackElo "2452"]
[PlyCount "31"]
[EventDate "2021.??.??"]
[EventType "blitz"]

1. e4 e5 2. Nf3 d5 3. exd5 e4 4. Qe2 f5 5. d3 Nf6 6. Nbd2 Be7 7. dxe4 fxe4 8.
Nxe4 Nxe4 9. Qxe4 O-O 10. Bc4 Bb4+ 11. c3 Re8 12. d6+ Kh8 13. Ne5 Be6 14. Bxe6
Rxe6 15. Nf7+ Kg8 16. Qxe6 {Normal} 1-0

[Event "Rated Blitz game"]
[Site "?"]
[Date "2021.10.12"]
[Round "?"]
[White "ljdr"]
[Black "RCompany_1"]
[Result "1-0"]
[WhiteElo "2494"]
[BlackElo "2461"]
[PlyCount "95"]
[EventDate "2021.??.??"]
[EventType "blitz"]

1. e4 e5 2. Nf3 d5 3. exd5 e4 4. Nd4 Qxd5 5. Nb3 Qe5 6. Nc3 Nf6 7. Be2 Bd6 8.
d4 exd3 9. Qxd3 Nc6 10. Be3 Bf5 11. Qb5 O-O-O 12. O-O-O Nb4 13. Nd4 Qxb5 14.
Ncxb5 Bg6 15. a3 Nbd5 16. Nxd6+ Rxd6 17. Nb5 Re6 18. Nxa7+ Kb8 19. Nb5 Nxe3 20.
fxe3 Rxe3 21. Bf3 Be4 22. Rhe1 Rxe1 23. Rxe1 Bxf3 24. gxf3 Re8 25. Rd1 c6 26.
Nd6 Re7 27. Nf5 Re2 28. Nxg7 Rxh2 29. Rd8+ Kc7 30. Rf8 h5 31. Rxf7+ Nd7 32.
Ne8+ Kd8 33. Nd6 h4 34. Nxb7+ Ke8 35. Nd6+ Kd8 36. Rh7 h3 37. b3 Ne5 38. Nf7+
Nxf7 39. Rxf7 Rf2 40. Kb2 h2 41. Rh7 c5 42. a4 Kc8 43. a5 Kb8 44. a6 Ka8 45. f4
c4 46. bxc4 Rxf4 47. Kb3 Rxc4 48. Kxc4 {Normal} 1-0

[Event "Rated Blitz game"]
[Site "?"]
[Date "2021.10.12"]
[Round "?"]
[White "leonpeleon"]
[Black "Ra_gozin"]
[Result "1-0"]
[WhiteElo "2459"]
[BlackElo "2350"]
[PlyCount "91"]
[EventDate "2021.??.??"]
[EventType "blitz"]

1. e4 e5 2. Nf3 d5 3. Nxe5 Bd6 4. d4 dxe4 5. Bc4 Bxe5 6. dxe5 Qxd1+ 7. Kxd1 Nc6
8. Bb5 Bd7 9. Bxc6 Bxc6 10. Nc3 O-O-O+ 11. Ke2 Re8 12. Bf4 Ne7 13. Bg3 Ng6 14.
h3 Nxe5 15. b3 Nd7 16. Rhe1 f5 17. h4 h6 18. h5 Nf6 19. Rh1 a6 20. Ke3 Ng4+ 21.
Ke2 Re6 22. Rad1 Bb5+ 23. Nxb5 axb5 24. Rd5 Rf8 25. Bf4 c6 26. Rd4 Rd8 27.
Rxd8+ Kxd8 28. f3 exf3+ 29. Kxf3 Nf6 30. Bd2 Ne4 31. Ba5+ Ke7 32. Kf4 Nf6 33.
Kxf5 Re2 34. Re1 Rxe1 35. Bxe1 Nxh5 36. Bc3 Kf7 37. Ke5 Nf6 38. Bb4 Nd5 39. Bc5
g6 40. Kd6 Kf6 41. c4 bxc4 42. bxc4 Nc3 43. Bd4+ Kf5 44. Bxc3 g5 45. c5 h5 46.
Kc7 {Time forfeit} 1-0

[Event "Rated Blitz game"]
[Site "?"]
[Date "2021.10.12"]
[Round "?"]
[White "aftereffect"]
[Black "GoughPhar"]
[Result "0-1"]
[WhiteElo "2366"]
[BlackElo "2457"]
[PlyCount "60"]
[EventDate "2021.??.??"]
[EventType "blitz"]

1. e4 e5 2. Nf3 d5 3. d3 dxe4 4. Nxe5 Bd6 5. Nc4 Nf6 6. Be2 h5 7. O-O Bxh2+ 8.
Kxh2 Ng4+ 9. Kg3 h4+ 10. Kh3 Nxf2+ 11. Kh2 Nxd1 12. Bxd1 Be6 13. Nbd2 h3 14. g3
exd3 15. cxd3 Nc6 16. Bc2 Nd4 17. Bb1 Qd5 18. Ne4 O-O-O 19. Bf4 f5 20. Ne3 Qc6
21. Ng5 Bd5 22. Bc2 Nxc2 23. Rac1 Nxe3 24. Rxc6 Nxf1+ 25. Kg1 h2+ 26. Kf2 h1=Q
27. Rxc7+ Kb8 28. Nf7 Qf3+ 29. Ke1 Rhe8+ 30. Ne5 Kxc7 {Normal} 0-1

[Event "Rated Blitz game"]
[Site "?"]
[Date "2021.10.12"]
[Round "?"]
[White "kaloczajunky"]
[Black "barry-allen"]
[Result "1/2-1/2"]
[WhiteElo "2441"]
[BlackElo "2373"]
[PlyCount "57"]
[EventDate "2021.??.??"]
[EventType "blitz"]

1. e4 e5 2. Nf3 d5 3. Nxe5 Bd6 4. d4 dxe4 5. Nc3 Bxe5 6. dxe5 Qxd1+ 7. Nxd1 Nc6
8. Bb5 Nge7 9. Bf4 Be6 10. Nc3 O-O-O 11. Nxe4 Bf5 12. Ng5 Nd4 13. Ba4 Bxc2 14.
b3 Bd3 15. Nxf7 Nc2+ 16. Kd2 Bg6+ 17. Nxd8 Rxd8+ 18. Kc3 Nd5+ 19. Kb2 Nxa1 20.
Bg5 Rf8 21. Kxa1 Rxf2 22. Rd1 c6 23. e6 Nc3 24. Rd8+ Kc7 25. Rd7+ Kc8 26. Rd8+
Kc7 27. Rd7+ Kc8 28. Rd8+ Kc7 29. Rd7+ {Normal} 1/2-1/2